La investigación del entorno natural: una estrategia didáctica para la enseñanza-aprendizaje de las ciencias naturales
Gardado en:
| Autor Principal: | |
|---|---|
| Formato: | Libro |
| Idioma: | Lingua castelá |
| Publicado: |
Bogotá
Universidad Pedagógica Nacional
2005
|
| Edición: | 1a. ed |
| Subjects: | |
| Tags: |
Engadir etiqueta
Sen Etiquetas, Sexa o primeiro en etiquetar este rexistro!
|
MARC
| LEADER | 00000nam a2200000 a 4500 | ||
|---|---|---|---|
| 001 | UCK5505 | ||
| 003 | CL-VaPUC | ||
| 008 | 050805e20050000CK |||||||||||||||||spa|d | ||
| 020 | |a 9588226325 | ||
| 082 | 0 | 4 | |a 372.357 |b CAS |2 21 |
| 100 | 0 | |a Castro Moreno, Julio Alejandro |e author |9 494294 | |
| 245 | 1 | 3 | |a La investigación del entorno natural: una estrategia didáctica para la enseñanza-aprendizaje de las ciencias naturales |
| 250 | |a 1a. ed | ||
| 300 | |a 128 p | ||
| 942 | |c BK | ||
| 945 | |d 20050805 00:00:00 |a cmena | ||
| 260 | |a Bogotá |b Universidad Pedagógica Nacional |c 2005 | ||
| 650 | 0 | |a Enseñanza de las ciencias |9 331919 | |
| 650 | 7 | |a TECNICAS DE INVESTIGACION |2 CL-VaPUC |9 494295 | |
| 650 | 0 | |a Investigación científica |9 259857 | |
| 583 | |a last modification |c 20050805 00:00:00 |k Rodrigo Vera | ||
| 999 | |c 314011 |d 314009 | ||
| 952 | |0 0 |1 0 |4 0 |6 372_357000000000000_CAS_2005 |7 0 |8 A |9 385880 |a BIBEDU |b BIBEDU |d 2019-11-22 |i 4150317 |l 2 |o 372.357 CAS 2005 |p 4150317 |r 2023-08-23 |s 2023-08-16 |w 2019-11-22 |y BK |k EDU | ||
| 952 | |0 0 |1 0 |4 0 |6 372_357000000000000_CAS_2005 |7 0 |8 A |9 385881 |a BIBEDU |b BIBEDU |d 2019-11-22 |i 4372395 |l 1 |o 372.357 CAS 2005 |p 4372395 |r 2023-07-05 |s 2023-06-27 |w 2019-11-22 |y BK |k EBA | ||
| 952 | |0 0 |1 0 |4 0 |6 372_357000000000000_CAS_2005 |7 0 |8 A |9 385882 |a BIBCUR |b BIBCUR |d 2019-11-22 |i 4768639 |o 372.357 CAS 2005 |p 4768639 |r 2025-04-22 |w 2019-11-22 |y BK |k MDC | ||